Precio de transferencia como norma de ajuste del impuesto a la renta /

Detalles Bibliográficos
Autor principal: Oliveira, Vivian de Freitas e Rodrigues de (Autor)
Otros Autores: Panez Solórzano, Juan Carlos (Traductor), Oliveira Rodrigues, Izabel (Traductor)
Formato: Electrónico eBook
Lenguaje:español
portugués
Publicado: Santiago, Chile : Ediciones Olejnik, [2022]
Colección:Biblioteca de derecho tributario (Ediciones Olejnik). Colección Dr. Paulo de Barros Carvalho.
Materias:
Acceso en línea:Digitalia Hispánica

MARC

LEADER 00000nam a2200000Ii 4500
001 DIGOLEJNK1247
003 NyNyDIG
006 m o d
007 cr |||||||||||
008 251105s2022 cl ob 000 0 spa d
035 |a (OCoLC)1427227543 
040 |a DGITA  |b eng  |e rda  |e pn  |c DGITA 
041 1 |a spa  |h por 
020 |z 9789564072029 
043 |a s-bl--- 
050 1 4 |a KHD4770.R43 ebook 
100 1 |a Oliveira, Vivian de Freitas e Rodrigues de,  |e author. 
240 1 0 |a Preço de transferência como norma de ajuste do imposto sobre a renda.  |l Spanish  |s (Panez Solórzano and Oliveira Rodrigues) 
245 1 0 |a Precio de transferencia como norma de ajuste del impuesto a la renta /  |c Vivian de Freitas e Rodrigues de Oliveira ; traducción de Juan Carlos Panez Solórzano, Izabel Oliveira Rodrigues. 
264 1 |a Santiago, Chile :  |b Ediciones Olejnik,  |c [2022] 
300 |a 1 online resource. 
336 |a text  |b txt  |2 rdacontent 
337 |a computer  |b c  |2 rdamedia 
338 |a online resource  |b cr  |2 rdacarrier 
347 |a text file  |2 rdaft 
347 |b PDF 
490 1 |a Biblioteca de derecho tributario. Colección Dr. Paulo de Barros Carvalho  
504 |a Includes bibliographical references. 
588 0 |a Online resource; title from PDF title page (Digitalia, viewed November 5, 2025) 
650 0 |a Transfer pricing  |x Law and legislation  |z Brazil. 
650 0 |a Income tax  |x Law and legislation  |z Brazil. 
700 1 |a Panez Solórzano, Juan Carlos,  |e translator.  
700 1 |a Oliveira Rodrigues, Izabel,  |e translator.  
700 1 |i Translation of:  |a Oliveira, Vivian de Freitas e Rodrigues de.  |t Preço de transferência como norma de ajuste do imposto sobre a renda. 
791 2 |a Digitalia (Firm),  |e distributor. 
793 0 |g Digitalia eBook Collection:  |a Ediciones Olejnik 
776 0 8 |i Print version:  |a Oliveira, Vivian de Freitas e Rodrigues de.  |s Preço de transferência como norma de ajuste do imposto sobre a renda. Spanish (Panez Solórzano and Oliveira Rodrigues).  |t Precio de transferencia como norma de ajuste del impuesto a la renta.  |b Primera edición en Ediciones Olejnik.  |d Santiago, Chile : Ediciones Olejnik, 2022  |z 9789564072029 
830 0 |a Biblioteca de derecho tributario (Ediciones Olejnik).  |p Colección Dr. Paulo de Barros Carvalho.  
856 4 0 |3 Digitalia Hispánica  |u https://www.digitaliapublishing.com/a/157753/ 
910 |a Premium collection: 2025